Le 11 de Ligue 1 McDonalds 2024/2025 - Statistiques

Statistiques générales
  • Ce quiz a été pris 253 fois
  • Le résultat moyen est 11 sur 12
Statistiques - réponses
Hint Pays Réponse % Correct
Latéral droit Maroc Achraf Hakimi
99%
Buteur France Ousmane Dembélé
97%
Défenseur central Brésil Marquinhos
95%
Milieu central Portugal Vitinha
95%
Ailier droit France Désire Doué
94%
Gardien de but France Lucas Chevalier
94%
Latéral gauche Portugal Nuno Mendes
94%
Ailier gauche France Bradley Barcola
93%
Défenseur central Équateur Willian Pacho
93%
Milieu central Portugal Joao Neves
91%
Entraineur Espagne Luis Enrique
90%
Milieu offensif France Rayan Cherki
72%
Aucun quiz correspondant
Distribution des résultats
% des personnes avec chaque résultat
Percentile par nombre de réponses
Votre historique - résultats
Vous n’avez pas pris ce quiz